[Event "IX Gyorgy Marx Mem"]
[Site "Paks HUN"]
[Date "2011.06.19"]
[Round "3"]
[White "Berkes, Ferenc"]
[Black "Salgado Lopez, Ivan"]
[Result "1-0"]
[WhiteElo "2693"]
[BlackElo "2623"]
[PlyCount "103"]
[EventDate "2011.06.17"]

1. d4 d5 2. c4 c6 3. Nf3 Nf6 4. e3 Bg4 5. cxd5 Bxf3 6. Qxf3 cxd5 7. Nc3 Nc6 8.
Bd3 e6 9. Bd2 Be7 10. O-O O-O 11. Qh3 Rc8 12. f4 g6 13. g4 Nd7 14. Rf3 Qb6 15.
Na4 Qd8 16. Raf1 f5 17. Rg3 Kh8 18. gxf5 gxf5 19. Qh6 Bf6 20. Kh1 Qe7 21. Rfg1
Rg8 22. b4 Rxg3 23. hxg3 Bg7 24. Qh3 Nxb4 25. Bb1 Nf6 26. g4 Nc2 27. Qh4 Na3
28. Bd3 Nc4 29. Bc1 Re8 30. gxf5 exf5 31. Bxf5 Nxe3 32. Bg6 Kg8 33. Bxe8 Qe4+
34. Kh2 Qc2+ 35. Kh1 Qe4+ 36. Kh2 Qc2+ 37. Kh3 Qc8+ 38. f5 Qxf5+ 39. Kg3 Neg4
40. Qh1 Ne4+ 41. Kg2 Bxd4 42. Qh4 Bf6 43. Qh3 Nef2 44. Qf3 Qe5 45. Bd7 h5 46.
Bf4 Qd4 47. Rf1 Ne4 48. Bxg4 hxg4 49. Qd1 Qc4 50. Qxg4+ Kf7 51. Be5 Qxa4 52.
Rxf6+ 1-0